| 000 | 00636cam a22002177i 4500 | ||
|---|---|---|---|
| 001 | 867352 | ||
| 003 | ARRUPE | ||
| 005 | 20161207100311.0 | ||
| 008 | 790302s1978 vm 000 0 eng | ||
| 010 | _a 79103075 | ||
| 040 |
_aDLC _cDLC _dDLC |
||
| 050 | 0 | 0 | _aMLCS 83/7159 (H) |
| 100 | 0 |
_aMai, Thi Tu. _927839 |
|
| 245 | 1 | 0 |
_aWomen in Viet Nam / _cMai Thi Tu, Le Thi Nham Tuyet. |
| 260 |
_aHanoi : _bForeign Languages Pub. House, _c1978. |
||
| 300 |
_a326 p. ; _c19 cm. |
||
| 650 |
_aWomen _zVietnam _927840 |
||
| 700 |
_aLe, Thi Nham Tuget _927975 |
||
| 906 |
_a7 _bcbc _corignew _d4 _encip _f19 _gy-gencatlg |
||
| 942 |
_2lcc _cMONOGRAPH |
||
| 999 |
_c125842 _d125842 |
||